[Event "Antioquia op-B"]
[Site "Medellin"]
[Date "2018.04.29"]
[Round "5"]
[White "Guerra, Francisco Anibal"]
[Black "Martinez, Mauricio"]
[Result "0-1"]
[WhiteElo "1767"]
[BlackElo "1956"]
[PlyCount "106"]
[EventDate "2018.04.25"]
[EventType "swiss"]
[EventRounds "7"]
[EventCountry "COL"]
[SourceTitle "CBM 184 Extra"]
[Source "ChessBase"]
[SourceDate "2018.06.28"]
[SourceVersion "1"]
[SourceVersionDate "2018.06.28"]
[SourceQuality "1"]

1. e4 e5 2. Nf3 Nc6 3. Bb5 Nf6 4. 0-0 Nxe4 5. Re1 Nd6 6. Nxe5 Nxe5 7. Rxe5+ Be7 8. Bf1 0-0 9. Nc3 Bf6 10. Re1 Re8 11. Nd5 c6 12. Nxf6+ Qxf6 13. Rxe8+ Nxe8 14. d4 d5 15. a4 Nd6 16. Ra3 Ne4 17. f3 Nd6 18. Re3 Bd7 19. b3 Re8 20. c3 Rxe3 21. Bxe3 Nf5 22. Bf2 Qe6 23. Qd3 g6 24. Qd2 Qf6 25. Qf4 Qd6 26. Qg5 Qe7 27. h4 Qxg5 28. hxg5 Ng7 29. a5 a6 30. g4 Ne6 31. Be3 Kg7 32. Kf2 f6 33. gxf6+ Kxf6 34. Kg3 g5 35. Bd3 h6 36. c4 Be8 37. cxd5 cxd5 38. b4 Bg6 39. Bxg6 Kxg6 40. f4 gxf4+ 41. Bxf4 Nxd4 42. Bd2 Nb3 43. Bf4 Nd4 44. Bd2 Ne6 45. Kf2 h5 46. gxh5+ Kxh5 47. Ke2 Kg4 48. Kd3 Kf5 49. Bc3 Nf4+ 50. Ke3 Ne6 51. Kd3 Ng5 52. Kd4 Ke6 53. Bd2 Nf3+ 0-1

[Event "Antioquia op-B"]
[Site "Medellin"]
[Date "2018.04.28"]
[Round "4"]
[White "Mesa, Francisco Alonso Jr"]
[Black "Guerra, Francisco Anibal"]
[Result "1/2-1/2"]
[WhiteElo "1890"]
[BlackElo "1767"]
[PlyCount "26"]
[EventDate "2018.04.25"]
[EventType "swiss"]
[EventRounds "7"]
[EventCountry "COL"]
[SourceTitle "CBM 184 Extra"]
[Source "ChessBase"]
[SourceDate "2018.06.28"]
[SourceVersion "1"]
[SourceVersionDate "2018.06.28"]
[SourceQuality "1"]

1. e4 c5 2. a3 Nc6 3. b4 e5 4. b5 Nd4 5. c3 Ne6 6. Bc4 Nf6 7. d3 Be7 8. Nf3 d6 9. 0-0 0-0 10. Re1 Bd7 11. Nbd2 Nf4 12. Nf1 Be6 13. Bxe6 Nxe6 1/2-1/2

[Event "Medellin Luces Cup"]
[Site "Medellin"]
[Date "2017.12.21"]
[Round "6"]
[White "Martinez, Mauricio"]
[Black "Guerra, Francisco Anibal"]
[Result "1-0"]
[WhiteElo "1924"]
[BlackElo "1811"]
[PlyCount "97"]
[EventDate "2017.12.18"]
[EventType "swiss"]
[EventRounds "7"]
[EventCountry "COL"]
[SourceTitle "CBM 182 Extra"]
[Source "ChessBase"]
[SourceDate "2018.02.23"]
[SourceVersion "1"]
[SourceVersionDate "2018.02.23"]
[SourceQuality "1"]

1. e4 c5 2. Nf3 d6 3. c3 Nf6 4. Be2 Nc6 5. d4 Bd7 6. e5 dxe5 7. dxe5 Ng4 8. Bf4 g6 9. h3 Nh6 10. Na3 Nf5 11. Qd5 e6 12. Qd2 h5 13. 0-0-0 a6 14. g4 Nfe7 15. Bg5 Qc7 16. Nc4 Nd5 17. Nd6+ Bxd6 18. exd6 Qa5 19. Kb1 b5 20. Be3 c4 21. Nd4 hxg4 22. hxg4 Rxh1 23. Rxh1 0-0-0 24. Bf3 Ne5 25. Be2 b4 26. cxb4 Qxb4 27. Qxb4 Nxb4 28. Bg5 Nbc6 29. Bxd8 Kxd8 30. Rh8+ Be8 31. Nxc6+ Nxc6 32. Bxc4 Nb8 33. Bb3 g5 34. Rg8 Nd7 35. Rxg5 Nf6 36. Rg7 Ne4 37. Rg8 Nxd6 38. Ba4 Nb5 39. Bxb5 axb5 40. Kc2 Ke7 41. a3 Bc6 42. f4 Bd5 43. Kc3 Be4 44. g5 Bf5 45. Kd4 Bc2 46. Rb8 Ba4 47. Ke5 Kd7 48. Rb7+ Ke8 49. Kf6 1-0

[Event "Medellin Luces Cup"]
[Site "Medellin"]
[Date "2017.12.20"]
[Round "5"]
[White "Guerra, Francisco Anibal"]
[Black "Escobar Leon, Ramiro"]
[Result "1-0"]
[WhiteElo "1811"]
[BlackElo "1645"]
[PlyCount "39"]
[EventDate "2017.12.18"]
[EventType "swiss"]
[EventRounds "7"]
[EventCountry "COL"]
[SourceTitle "CBM 182 Extra"]
[Source "ChessBase"]
[SourceDate "2018.02.23"]
[SourceVersion "1"]
[SourceVersionDate "2018.02.23"]
[SourceQuality "1"]

1. e4 Nf6 2. e5 Nd5 3. Nc3 Nxc3 4. bxc3 d6 5. Nf3 Bg4 6. h3 Bxf3 7. Qxf3 d5 8. d4 e6 9. Qg3 g6 10. Bd3 Be7 11. h4 h5 12. Rb1 b6 13. Rh3 Kd7 14. Qf4 Rh7 15. c4 c6 16. cxd5 cxd5 17. c4 Qc7 18. cxd5 f5 19. d6 Qc3+ 20. Bd2 1-0

[Event "Medellin Segunda Categoria Antioquia"]
[Site "Medellin"]
[Date "2015.04.??"]
[Round "2.8"]
[White "Guerra, Francisco Anibal"]
[Black "Alvarado Torres, Carlos Andres"]
[Result "1-0"]
[WhiteElo "1819"]
[BlackElo "1600"]
[PlyCount "81"]
[EventDate "2015.04.14"]
[EventType "swiss"]
[EventRounds "7"]
[EventCountry "COL"]
[SourceTitle "EXT 2024"]
[Source "ChessBase"]
[SourceDate "2023.10.10"]
[SourceVersion "1"]
[SourceVersionDate "2023.10.10"]
[SourceQuality "1"]

1. e4 e5 2. Nf3 Nc6 3. Bb5 a6 4. Ba4 Bc5 5. 0-0 d6 6. c3 Ba7 7. h3 h6 8. d4 exd4 9. cxd4 Bd7 10. Nc3 Nge7 11. Re1 0-0 12. Bf4 Ng6 13. Bg3 b5 14. Bb3 Na5 15. Bc2 Nc4 16. b3 Na3 17. Bd3 Be6 18. Rc1 c5 19. d5 Bc8 20. Ne2 Qf6 21. Qd2 b4 22. Nf4 Nxf4 23. Qxf4 Qxf4 24. Bxf4 Rd8 25. e5 dxe5 26. Bxe5 Bb6 27. d6 Bd7 28. Nd2 Bb5 29. Bxb5 Nxb5 30. Nc4 Rab8 31. Kh2 a5 32. Nxb6 Rxb6 33. Rxc5 Nxd6 34. Rd1 f6 35. Bg3 Kf7 36. Rxa5 Nb7 37. Rxd8 Nxd8 38. Bc7 Rb7 39. Bxd8 g5 40. Rc5 Ra7 41. Rc7+ 1-0

[Event "COL-ch sf"]
[Site "Medellin"]
[Date "2014.??.??"]
[Round "2"]
[White "Estrella Becerra, Fernando"]
[Black "Guerra, Francisco Anibal"]
[Result "1-0"]
[WhiteElo "1961"]
[BlackElo "1747"]
[PlyCount "81"]
[EventDate "2014.04.15"]
[EventType "swiss"]
[EventRounds "11"]
[EventCountry "COL"]
[SourceTitle "CBM 160 Extra"]
[Source "ChessBase"]
[SourceDate "2014.07.01"]
[SourceVersion "1"]
[SourceVersionDate "2014.07.01"]
[SourceQuality "1"]

1. c4 Nf6 2. Nc3 g6 3. g3 Bg7 4. Bg2 0-0 5. d4 d6 6. e4 Nc6 7. Nge2 e5 8. d5 Ne7 9. 0-0 c6 10. h3 Ne8 11. f4 f5 12. Kh2 Bd7 13. fxe5 dxe5 14. d6 Nc8 15. c5 Be6 16. Be3 Nf6 17. b4 a6 18. Qd2 Rf7 19. a4 Qd7 20. Ng1 Bc4 21. Rfc1 Qe6 22. Nf3 Rd7 23. Ng5 Qe8 24. Qc2 h6 25. Nd1 b5 26. axb5 Bxb5 27. Qa2+ Kh8 28. Ne6 Raa7 29. Nxg7 Kxg7 30. Qd2 Ng8 31. Nc3 Kh7 32. Nxb5 axb5 33. exf5 Rxa1 34. Rxa1 Nce7 35. fxg6+ Qxg6 36. Rd1 Nf5 37. Bf2 Nf6 38. Bxc6 Rg7 39. Qd3 Qh5 40. Bf3 Qg6 41. g4 1-0

[Event "COL-ch sf"]
[Site "Medellin"]
[Date "2014.??.??"]
[Round "10"]
[White "Guerra, Francisco Anibal"]
[Black "Olarte Parra, Jhoan Sebastian"]
[Result "1-0"]
[WhiteElo "1747"]
[BlackElo "1956"]
[PlyCount "63"]
[EventDate "2014.04.15"]
[EventType "swiss"]
[EventRounds "11"]
[EventCountry "COL"]
[SourceTitle "CBM 160 Extra"]
[Source "ChessBase"]
[SourceDate "2014.07.01"]
[SourceVersion "1"]
[SourceVersionDate "2014.07.01"]
[SourceQuality "1"]

1. e4 c5 2. Nf3 d6 3. d4 cxd4 4. Nxd4 Nf6 5. Nc3 a6 6. Be2 e5 7. Nb3 Be6 8. 0-0 Nbd7 9. Be3 Be7 10. Qd2 b5 11. a3 Bc4 12. Rfd1 0-0 13. Bf3 Rc8 14. Nc1 Qc7 15. Nd3 Nc5 16. Nb4 a5 17. Nbd5 Bxd5 18. Nxd5 Nxd5 19. Qxd5 Qd7 20. h3 Rfd8 21. Bg4 Ne6 22. Bb6 Rf8 23. c3 a4 24. Rd3 h5 25. Bxe6 fxe6 26. Qxe5 Qb7 27. Qxe6+ Kh8 28. Rd5 g5 29. Qh6+ Kg8 30. Qg6+ Kh8 31. Bd4+ Bf6 32. Bxf6+ 1-0

[Event "COL-ch sf"]
[Site "Medellin"]
[Date "2014.??.??"]
[Round "3"]
[White "Pelaez, Hernan"]
[Black "Guerra, Francisco Anibal"]
[Result "1-0"]
[WhiteElo "1837"]
[BlackElo "1747"]
[PlyCount "31"]
[EventDate "2014.04.15"]
[EventType "swiss"]
[EventRounds "11"]
[EventCountry "COL"]
[SourceTitle "CBM 160 Extra"]
[Source "ChessBase"]
[SourceDate "2014.07.01"]
[SourceVersion "1"]
[SourceVersionDate "2014.07.01"]
[SourceQuality "1"]

1. c4 Nf6 2. g3 g6 3. Bg2 Bg7 4. Nc3 0-0 5. b4 d5 6. cxd5 Nxd5 7. Bxd5 Bxc3 8. dxc3 e6 9. Bg2 Qf6 10. Qd4 e5 11. Qh4 Qd6 12. Be3 Nd7 13. Nf3 f6 14. Rd1 Qa6 15. Qh6 Qxa2 16. Ng5 1-0

[Event "Monteria op"]
[Site "Monteria"]
[Date "2011.11.13"]
[Round "5"]
[White "Franco, Jhonatan"]
[Black "Guerra, Francisco Anibal"]
[Result "0-1"]
[WhiteElo "1375"]
[BlackElo "1791"]
[PlyCount "50"]
[EventDate "2011.11.12"]
[EventType "swiss"]
[EventRounds "7"]
[EventCountry "COL"]
[SourceTitle "EXT 2012"]
[Source "ChessBase"]
[SourceDate "2011.11.24"]
[SourceVersion "1"]
[SourceVersionDate "2011.11.24"]
[SourceQuality "1"]

1. e4 c5 2. d3 Nc6 3. Nd2 Nf6 4. Ngf3 Qc7 5. g3 g6 6. Bg2 Bg7 7. Nc4 d6 8. 0-0 0-0 9. b3 b5 10. Nb2 Bg4 11. h3 Bd7 12. c4 b4 13. Bg5 Nxe4 14. Qe2 Nc3 15. Qe1 a5 16. Bxe7 Rae8 17. Bxd6 Qxd6 18. Qd2 Ne2+ 19. Kh2 Bc3 20. Qc2 Qf6 21. Rfd1 Ncd4 22. Qb1 Nxf3+ 23. Bxf3 Qxf3 24. Qc2 Qxf2+ 25. Kh1 Nxg3# 0-1

[Event "Monteria op"]
[Site "Monteria"]
[Date "2011.11.12"]
[Round "2"]
[White "Petro, Manuel"]
[Black "Guerra, Francisco Anibal"]
[Result "1-0"]
[WhiteElo "1633"]
[BlackElo "1791"]
[PlyCount "69"]
[EventDate "2011.11.12"]
[EventType "swiss"]
[EventRounds "7"]
[EventCountry "COL"]
[SourceTitle "EXT 2012"]
[Source "ChessBase"]
[SourceDate "2011.11.24"]
[SourceVersion "1"]
[SourceVersionDate "2011.11.24"]
[SourceQuality "1"]

1. d4 Nf6 2. c4 g6 3. Nf3 Bg7 4. Nc3 0-0 5. e4 d6 6. Be2 e5 7. dxe5 dxe5 8. Qxd8 Rxd8 9. Bg5 Re8 10. h4 h6 11. Bxf6 Bxf6 12. h5 g5 13. Nd5 Bd8 14. Nh2 c6 15. Ne3 Na6 16. Rd1 Nb4 17. a3 Na6 18. b4 Bc7 19. Bg4 Bxg4 20. Nhxg4 Re6 21. Nf5 Kh7 22. Rd7 Rf8 23. Ke2 b5 24. cxb5 cxb5 25. Rhd1 Rc6 26. R7d5 Rc4 27. f3 Nxb4 28. axb4 Rxb4 29. Rc1 Rb2+ 30. Kf1 Bb6 31. Rc6 Rb1+ 32. Ke2 Rb2+ 33. Kd1 f6 34. Rd7+ Kh8 35. Rxf6 1-0

[Event "Medellin Cuartas Memorial B"]
[Site "Medellin"]
[Date "2011.08.05"]
[Round "3.40"]
[White "Lopez, Jose Henry"]
[Black "Guerra, Francisco Anibal"]
[Result "0-1"]
[WhiteElo "1581"]
[BlackElo "1724"]
[PlyCount "82"]
[EventDate "2011.08.03"]
[EventType "swiss"]
[EventRounds "8"]
[EventCountry "COL"]
[SourceTitle "EXT 2024"]
[Source "ChessBase"]
[SourceDate "2023.10.10"]
[SourceVersion "1"]
[SourceVersionDate "2023.10.10"]
[SourceQuality "1"]

1. e4 c5 2. c4 Nc6 3. Nc3 d6 4. Nf3 Nf6 5. d3 g6 6. Be2 Bg7 7. 0-0 0-0 8. Nd5 Nxd5 9. cxd5 Nd4 10. Rb1 a5 11. Be3 Nxf3+ 12. Bxf3 b5 13. b3 Qc7 14. Qd2 Rd8 15. Rfc1 e5 16. dxe6 Bxe6 17. d4 Rac8 18. d5 Bd7 19. h4 h5 20. g3 Re8 21. Bg2 f5 22. f3 Ra8 23. Bf4 Qb6 24. Kh2 a4 25. bxa4 Rxa4 26. Qc2 Qa6 27. Ra1 Bxa1 28. Rxa1 Ra8 29. Qc3 Kf7 30. e5 dxe5 31. Bxe5 Rc4 32. Qd2 Re8 33. Bb2 Qd6 34. Qh6 Re2 35. Qg7+ Ke8 36. Qg8+ Ke7 37. Bg7 Be6 38. Bf8+ Kd8 39. dxe6 Rxh4+ 40. Kg1 Qd4+ 41. Kf1 Qf2# 0-1

[Event "Medellin Amateur op"]
[Site "Medellin"]
[Date "2011.04.22"]
[Round "5.6"]
[White "Arboleda, Eulicer De Jesus"]
[Black "Guerra, Francisco Anibal"]
[Result "0-1"]
[WhiteElo "1637"]
[BlackElo "1684"]
[PlyCount "118"]
[EventDate "2011.04.20"]
[EventType "swiss"]
[EventRounds "9"]
[EventCountry "COL"]
[SourceTitle "EXT 2024"]
[Source "ChessBase"]
[SourceDate "2023.10.10"]
[SourceVersion "1"]
[SourceVersionDate "2023.10.10"]
[SourceQuality "1"]

1. e4 c5 2. Nf3 d6 3. d4 cxd4 4. Nxd4 Nf6 5. Nc3 g6 6. Be3 Bg7 7. f3 Nc6 8. Bc4 0-0 9. Qd2 Bd7 10. 0-0 Rc8 11. Bb3 Na5 12. Rad1 Nxb3 13. axb3 Re8 14. Qf2 a6 15. Nde2 Qc7 16. Rd2 b5 17. Ra1 Qb7 18. Bd4 e5 19. Be3 Bf8 20. Qh4 Re6 21. Bg5 Ne8 22. Nd5 Bc6 23. b4 Ra8 24. Nec3 Qd7 25. Nd1 Ra7 26. N1e3 Bg7 27. Ng4 h5 28. Ngf6+ Nxf6 29. Nxf6+ Bxf6 30. Bxf6 Qe8 31. g4 Qf8 32. gxh5 Qh6 33. Rg2 Qe3+ 34. Kh1 Qxf3 35. hxg6 Rxf6 36. Qh7+ Kf8 37. g7+ Ke7 38. g8Q Bxe4 39. Qh4 Rc7 40. c3 Rc4 41. Qhg5 Bc6 42. Kg1 Rcf4 43. Qxf4 Rxf4 44. Qg3 Qd5 45. h3 Rf6 46. Kh2 Qxg2+ 47. Qxg2 Bxg2 48. Kxg2 d5 49. b3 e4 50. h4 Rg6+ 51. Kf2 f5 52. Ke3 Rg3+ 53. Kf4 Rf3+ 54. Ke5 e3 55. Rxa6 e2 56. Ra7+ Kf8 57. Ra8+ Kg7 58. Ra7+ Kg6 59. h5+ Kxh5 0-1